MDQL
is popping MORE tags! Check the
thread
!
Quizzes
Events
Quiz Creation
Community
Videos
Private Events
Remove Ads
Sign In
Join for FREE
Feedback
Dark Mode
Quiz Categories
Sports
Geography
Music
Movies
Television
Just For Fun
Miscellaneous
History
Literature
Language
Science
Gaming
Entertainment
Religion
Holiday
For Kids
Quiz Lab
Recent
Popular Today
Quiz Kudos Today
Editor Picks
Curator Picks
Quizzes by...
Day
Popularity
Type
Ratings
Length
Year
Community
Subscriptions
Recent Discussions
Orange Saloon
Badges
Playlists
Quests
Create
Leaderboards
Showdown
Live 5
Trivia Bingo
Activity
Puzzle Library
Sporcle Events
Private Events
Virtual Trivia
Globe League
Become a Host
Pub Owners
SporcleCon
Opinionation
Our Games
Videos
Blog
Mobile Apps
Partnerships
Remove Ads and Go Orange
Feedback
Sports
Athletes
MLB
NBA
NHL
NFL
Soccer
Sports Teams
WWE
NCAA
Football
Premier League
Basketball
Baseball
Hockey
Golf
Tennis
Cricket
Rugby
Auto Racing
Olympics
World Cup
Sports
Athletes
MLB
NBA
NHL
NFL
Soccer
Sports Teams
WWE
NCAA
Football
Premier League
Basketball
Baseball
Hockey
Golf
Tennis
Cricket
Rugby
Auto Racing
Olympics
World Cup
Random Quiz
Search Sporcle
×
Quiz Lab
Quiz Lab
Sports
Cycle
Type answers based on single images at one time
Type answers based on single images at one time
Slideshow
Best Score? Go Orange.
Name That Cyclist Stats
Can you name the Road Cyclist in each picture?
By
heusie
10m
30 Questions
417 Plays
417 Plays
417 Plays
Comments
Comments
Give Quiz Kudos
Give Quiz Kudos
-
- Ratings
hide this ad
Replay
Link that replays current quiz
Next Quiz
Link to next quiz in quiz playlist
You Got
0%
They Got
Avg Score
64%
Avg Friend Score
Upgrade to see
Score Distribution
Jump to the score distribution portion of the page
Score
0/30
Timer
10:00
0
Plays Today
% Correct
Cadel Evans
95.9%
Alberto Contador
95.2%
Mark Cavendish
92.8%
Marco Pantani
91.8%
Jan Ullrich
88.5%
Bradley Wiggins
88.5%
Eddy Merckx
87.3%
Andy Schleck
85.4%
Bernard Hinault
85.4%
Vincenzo Nibali
83.7%
Miguel Indurain
78.7%
Laurent Fignon
76.7%
Greg LeMond
76.5%
Mario Cipollini
73.6%
Erik Zabel
69.5%
% Correct
Fausto Coppi
66.4%
Richard Virenque
64.5%
Jacques Anquetil
56.1%
Alessandro Petacchi
55.2%
Laurent Jalabert
50.1%
Roger De Vlaeminck
49.2%
Gino Bartali
48.7%
Felice Gimondi
42.9%
Roberto Heras
41.7%
Joop Zoetemelk
39.8%
Sean Kelly
38.1%
Stephen Roche
34.3%
Tony Rominger
33.8%
Alfredo Binda
28.8%
Federico Bahamontes
22.5%
Quiz Playlist
Details
Report
Send in Message
Add To Playlist
Slideshow:
Type answers based on single images at one time
Last Updated: Feb 16, 2017
Quiz Scoreboard
CHALLENGE
Sign Up to Join the Scoreboard
Show All
Scores
Hide
Comments
May contain spoilers
Recently Published
Holiday 10x10 Sorting Gallery
by lukepisani3
Holiday
15m
Two Season TV Shows II
by 123Four
Television
10m
Image Sorting: Flags VI
by Barbecue
Geography
2m
More to Explore
Quiz From the Vault
Featured Blog Post
14 Easter Pick-up Lines to Find Eggs With
hide this ad
You Might Also Like...
Tags
Cycle
Cycling
Cycling Team
Tour de France
Today's Top Quizzes in Sports
Browse Sports
hide this ad
Today's Top Quizzes in Cycle
Browse Cycle
Top Contributed Quizzes in Sports
1
Les meilleurs buteurs des matchs entre le PSG et l’OM
2
Les entraîneurs de l'OM et du PSG au 21e siècle
3
2022 World Cup Stars
4
Les joueurs passés par le PSG et l'OM
5
Players with Multiple 50 Home Run Seasons
6
FIFA Club World Cup Champions
7
Criteria MLB: Left Handed Sluggers
8
Les joueurs passés par le LOSC et le RC Lens
9
Top 10 NHL Goal Scorers of All Time
10
NBA Logic Puzzle 2.0
Explore More
Trending Topics
NBA
Kpop
Anime
Harry Potter
Marvel
Disney
Crossword
The Office
WWE
Puzzle
Country
Pokémon
Soccer
NFL
Song
hide this ad
More By:
heusie
Quiz
Plays
Rating
Category
Featured
Created
Did They Play for Liverpool?
163,842
4.14
Sports
May 24, 2015
Did They Play for Manchester United?
66,736
4.42
Sports
Aug 30, 2015
Did They Play in the United States?
17,854
4.51
Sports
Jun 11, 2019
Multiple Choice: Football (Soccer) Trophy Winners
14,937
4.64
Sports
Jan 13, 2017
Gaming by Subcategory: C
13,612
4.47
Gaming
Apr 5, 2021
Go to Creator's Profile
Score Distribution
Quiz Creator Spotlight
heusie
Follow
Send a Message
Quizzes Created
-
Created Quiz Play Count
-
More By This Creator
Popular Quizzes Today
1
Find the US States - No Outlines Minefield
2
Colored Red Africa Blitz
3
Find the 'City' Movie
4
The Countries of the World
5
5x2 Blitz: Bands
6
Find the Countries of Europe - No Outlines Minefield
7
Find the US States
8
US States
More Sports Quizzes
Sports Logos III
Published
Trending Quizzes
Colored Red Europe Blitz I
Colored Red Africa Blitz II
Colored Red Europe Blitz II
Even More Two Season TV Shows
Colored Red Africa Blitz III
Recently Updated
Odd Team Out - Big 4 Players
pecheneg
Quick Pick: 20 Twenties
pecheneg
March Madness Men's Triple Doubles
pecheneg
How Do You Spell That?
pecheneg
Godzilla Movies
pecheneg
Grab Bag: 4-10 Letters
pecheneg
2024 March Madness Bracket
pecheneg
Famous TV Couples
Peacemaker
Champions League XIs: Real Madrid
pecheneg
Largest US Cities 1790-2010
pecheneg
Trending Topics
Anime
NBA
Kpop
Harry Potter
Marvel
Crossword
Disney
Pokémon
NFL
Soccer
Puzzle
WWE
The Office
Song
Country
Your Account Isn't Verified!
In order to create a playlist on Sporcle, you need to verify the email address you used during registration. Go to your
Sporcle Settings
to finish the process.
Report this User
Report this user for behavior that violates our
Community Guidelines
.
Details:
Send Report
Go to the Sporcle.com Mobile Site →
Comments